| 000 | 01155cam a2200265 4500 | ||
|---|---|---|---|
| 001 | WB3705-21 | ||
| 008 | 000000n2001 000 0 eng u | ||
| 035 | _a(Sirsi) u110684 | ||
| 245 | _aEasyMove cuts completion times | ||
| 260 | _c2001 | ||
| 490 |
_aNegotiator _v16(2) 26 January 2001, 3(1) |
||
| 520 | _aEasyMove, a group of independent estate agents who are in partnership with Legal & General franchising, have reduced the average time it takes to purchase a house to 20 days. They have achieved this by placing an LPC graduate consultant in the estate agent's office, who has the backing of a national law firm. As a trainee solicitor this consultant is able to negotiate with both the buyer and the seller without breaking Law Society rules. | ||
| 590 | _aWB | ||
| 650 | _aEASYMOVE | ||
| 650 | _aSOLICITORS | ||
| 650 | _aMOVING HOUSE | ||
| 650 | _aESTATE AGENTS | ||
| 650 | _aPROPERTY-RESIDENTIAL PROPERTY-ACQUISITION AND DISPOSAL OF RESIDENTIAL PROPERTY | ||
| 650 | _aCOMPLETIONS | ||
| 650 | _aE-COMMERCE | ||
| 650 | _aONLINE SERVICES | ||
| 650 | _aSELLERS PACKS | ||
| 690 | _aINFORMATION TECHNOLOGY-INTERNET | ||
| 942 | _n0 | ||
| 999 |
_c65959 _d65959 |
||